| 000 | 00372nam a2200145 i 4500 | ||
|---|---|---|---|
| 001 | bg | ||
| 100 | 1 | _aIZDEBSKI, Krzysztof | |
| 245 | 0 |
_aLaboratorium technologii montażu / _cKrzysztof Izdebski, Stefan Szwarc. |
|
| 260 |
_aBiałystok, _c1981. |
||
| 700 | 1 | _aSZWARC, Stefan | |
| 040 | _cBPK | ||
| 041 | _apol | ||
| 942 | _cKS | ||
| 008 | s pl f |000 0 pol | ||
| 999 |
_c20519 _d20519 |
||
| 856 |
_uhttp://koha.tu.koszalin.pl/cgi-bin/koha/opac-detail.pl?biblionumber=20519 _yKatalog online BPK |
||